LEADER 00908nam0 2200289 450 001 000018992 005 20081107101521.0 010 $a88-339-0404-0 100 $a20081107d1987----km-y0itay50------ba 101 0 $aita 102 $aIT 105 $ay-------001yy 200 1 $aProgrammare con i giochi$emodelli e algoritmi$fEric Solomon 210 $aTorino$cP. Boringhieri$d1987 215 $a300 p.$d21 cm 225 2 $aSuperuniversale 300 $aTrad. di Virginio Sala 410 0$12001$aSuperuniversale 500 10$aGames programming$m$932710 610 1 $aMicroelaboratori elettronici$aProgrammazione Videogiochi 676 $a794.82$v19$9Giochi con l'elaboratore 700 1$aSolomon,$bEric$0632295 801 0$aIT$bUNIPARTHENOPE$c20081107$gRICA$2UNIMARC 912 $a000018992 951 $aS 006.6/11$bS 178$cDSA$d2008 996 $aGames programming$932710 997 $aUNIPARTHENOPE